Does This Fit Through The Green Glass Door? - Statistics

General Stats
  • This quiz has been taken 1,403 times
  • The average score is 12 of 35
Answers on the Grid
Answers color-coded by a green-red scale on the quiz's grid according to % correct below.
Door
Walleye
Trout
Window
Sleeves
Leggings
Shorts
Elephant
Giraffe
Television
Radio
Doc
Grumpy
Bashful
Happy
Sleepy
Sneezy
Dopey
Floor
Ceiling
Quizmaster
Russia
China
Shell
Chevron
Ferrari
Mercedes
Ford
Maserati
Football
Soccer
Tennis
Basketball
Baseball
Golf
Hotel
Motel
Holiday
Inn
Everything
Nothing
Something
This
One
Two
Three
Four
Five
Six
Seven
Eight
Nine
Ten
Connecticut
Massachusetts
Vermont
Maine
Truck
Car
Glass
JetPunk
Plate
Bowl
Fork
Spoon
Knife
Beach
Cliff
Mountain
Eggs
Waffles
Bacon
Dinner
Lunch
Breakfast
Washington
Adams
Jefferson
Internet
Japan
Canada
Greece
Miami
Boston
Chicago
Seattle
Dallas
Moon
Earth
Sun
Wind
Fire
Beetles
Beatles
Seaweed
Seahorse
Truth
Lies
Addition
Subtraction
 
Answer Stats
Answer % Correct
Eggs
39%
Seaweed
38%
Spoon
38%
Basketball
37%
Football
37%
Beetles
36%
Glass
36%
Waffles
36%
Baseball
35%
Leggings
35%
Shell
35%
Door
34%
Massachusetts
34%
Sleeves
34%
Soccer
34%
Tennis
34%
Dallas
33%
Dinner
33%
Ferrari
33%
Giraffe
33%
Greece
33%
Moon
33%
Sleepy
33%
Sneezy
33%
Three
33%
Walleye
33%
Addition
32%
Cliff
32%
Connecticut
32%
Happy
32%
Inn
32%
Jefferson
32%
Russia
32%
Seattle
32%
Floor
31%
No matching quizzes found
Score Distribution
Percent of People with Each Score
Percentile by Number Answered
Your Score History
You have not taken this quiz